Innovation and entrepreneurship : practice and principles / (Record no. 1331)

000 -LEADER
fixed length control field 00817nam a22002177a 4500
003 - CONTROL NUMBER IDENTIFIER
control field OSt
005 - DATE AND TIME OF LATEST TRANSACTION
control field 20140611221353.0
008 - FIXED-LENGTH DATA ELEMENTS--GENERAL INFORMATION
fixed length control field 140611b xxu||||| |||| 00| 0 eng d
020 ## - INTERNATIONAL STANDARD BOOK NUMBER
International Standard Book Number 9780750685085
050 ## - LIBRARY OF CONGRESS CALL NUMBER
Classification number HD2346.U5D78 2007
100 ## - MAIN ENTRY--PERSONAL NAME
Personal name Drucker, Peter .
245 ## - TITLE STATEMENT
Title Innovation and entrepreneurship : practice and principles /
Statement of responsibility, etc Peter F. Drucker.
260 ## - PUBLICATION, DISTRIBUTION, ETC. (IMPRINT)
Place of publication, distribution, etc Amsterdam ; London :
Name of publisher, distributor, etc Butterworth-Heinemann,
Date of publication, distribution, etc 2007 .
300 ## - PHYSICAL DESCRIPTION
Extent xvi, 253 p.
440 ## - SERIES STATEMENT/ADDED ENTRY--TITLE
Title Classic Drucker collection.
505 ## - FORMATTED CONTENTS NOTE
Formatted contents note The practice of innovation -- <br/>The practice of entrepreneurship -- <br/>Entrepreneurial strategies -- <br/>Conclusion: The entrepreneurial society.
650 ## - SUBJECT ADDED ENTRY--TOPICAL TERM
Topical term or geographic name as entry element Small business -- United States.
650 ## - SUBJECT ADDED ENTRY--TOPICAL TERM
Topical term or geographic name as entry element New business enterprises -- United States.
650 ## - SUBJECT ADDED ENTRY--TOPICAL TERM
Topical term or geographic name as entry element Entrepreneurship.
942 ## - ADDED ENTRY ELEMENTS (KOHA)
Source of classification or shelving scheme
Koha item type Book
Holdings
Withdrawn status Lost status Source of classification or shelving scheme Damaged status Not for loan Home library Current library Date acquired Total Checkouts Full call number Barcode Date last seen Date checked out Copy number Price effective from Koha item type Total Renewals
          Riara University Library Riara University Library 11/06/2014 2 HD2346.U5D78 2007 4767/14 10/03/2016 22/02/2016 C.1 11/06/2014 Book  
          Riara University Library Riara University Library 11/06/2014 4 HD2346.U5D78 2007 4768/14 27/03/2017 08/03/2017 C.2 11/06/2014 Book  
          Riara University Library Riara University Library 11/06/2014 3 HD2346.U5D78 2007 4769/14 10/04/2018 24/03/2018 C.3 11/06/2014 Book 1

Riara University Library,
P.O. Box 49940-00100,
Nairobi, Kenya.